[Event "EU-chT (Men) 10th"]
[Site "Debrecen"]
[Date "1992.11.??"]
[Round "7.2"]
[White "Zhuravliov, Valerij"]
[Black "Mortensen, Erling"]
[Result "0-1"]
[WhiteElo "2485"]
[BlackElo "2430"]
[PlyCount "134"]
[EventDate "1992.11.20"]
[EventType "team-swiss"]
[EventRounds "9"]
[EventCountry "HUN"]
[SourceTitle "EU-chT"]
[Source "ChessBase"]
[SourceDate "1999.07.01"]
[SourceVersion "2"]
[SourceVersionDate "1999.07.01"]
[SourceQuality "1"]
[WhiteTeam "Latvia"]
[BlackTeam "Denmark"]
[WhiteTeamCountry "LAT"]
[BlackTeamCountry "DEN"]

1. e4 c5 2. Nf3 Nc6 3. c3 e6 4. d4 d5 5. e5 Bd7 6. Be2 Nge7 7. O-O Nf5 8. b3 h5
9. Na3 cxd4 10. cxd4 Qb6 11. Nc2 Be7 12. Bb2 g5 13. Nfe1 g4 14. Rb1 a5 15. a3
Kf8 16. Bc3 Kg7 17. Qd2 Rh6 18. Bd3 Nh4 19. Qe3 f5 20. exf6+ Bxf6 21. Bd2 Rhh8
22. Qg3 Ne7 23. Kh1 Nef5 24. Bxf5 Nxf5 25. Qf4 Bb5 26. Rg1 Rac8 27. f3 Kf7 28.
Be3 Rcg8 29. Bf2 Be7 30. Qd2 h4 31. fxg4 Rxg4 32. Nf3 Bd6 33. Ne3 Ng3+ 34. Bxg3
Rxg3 35. Rge1 Rg6 36. Ne5+ Bxe5 37. dxe5 Ke7 38. Rbc1 Bc6 39. b4 d4 40. bxa5
Qa7 41. Qb4+ Ke8 42. Rxc6 bxc6 43. Nc4 c5 44. Nd6+ Ke7 45. Qb1 Rg7 46. h3 Qa8
47. Re2 Rb8 48. Qc1 d3 49. Rf2 Qd5 50. Qf4 Rbg8 51. Rb2 d2 52. Qxd2 Rxg2 53.
Nf5+ Ke8 54. Qxd5 Rg1+ 55. Kh2 exd5 56. e6 Kd8 57. a6 Kc7 58. e7 Ra1 59. Ng7
Re1 60. Rb7+ Kc6 61. e8=Q+ Rexe8 62. Nxe8 Rxe8 63. Rh7 c4 64. a7 c3 65. Re7 Rd8
66. Re1 Kb7 67. Re7+ Ka8 0-1

[Event "EU-chT (Men) 10th"]
[Site "Debrecen"]
[Date "1992.11.??"]
[Round "7.3"]
[White "Danielsen, Henrik"]
[Black "Sokolovs, Andrei"]
[Result "1/2-1/2"]
[WhiteElo "2390"]
[BlackElo "2565"]
[PlyCount "118"]
[EventDate "1992.11.20"]
[EventType "team-swiss"]
[EventRounds "9"]
[EventCountry "HUN"]
[SourceTitle "EU-chT"]
[Source "ChessBase"]
[SourceDate "1999.07.01"]
[SourceVersion "2"]
[SourceVersionDate "1999.07.01"]
[SourceQuality "1"]
[WhiteTeam "Denmark"]
[BlackTeam "Latvia"]
[WhiteTeamCountry "DEN"]
[BlackTeamCountry "LAT"]

1. d4 d6 2. e4 Nf6 3. Bd3 e5 4. c3 Nc6 5. Nf3 g6 6. O-O Bg7 7. Na3 O-O 8. dxe5
Nxe5 9. Nxe5 dxe5 10. Bg5 h6 11. Bh4 Qe7 12. Re1 Bd7 13. Nc4 Rad8 14. a4 b6 15.
Qc2 Bc6 16. Ne3 Qe8 17. Bxf6 Bxf6 18. Bb5 Qe6 19. Bc4 Qe7 20. Bd5 Bd7 21. Bb3
c6 22. Rad1 Bc8 23. Rxd8 Rxd8 24. Rd1 Kg7 25. Qe2 Rxd1+ 26. Qxd1 Qd8 27. Qe2
Qd6 28. g3 h5 29. h4 Be7 30. Bc4 a5 31. Nc2 Bg4 32. f3 Bd7 33. Kg2 Bc8 34. Qf2
Qc5 35. Qxc5 Bxc5 36. b4 Bd6 37. Kf2 f5 38. Ke2 Kf6 39. Kf2 Bd7 40. Bb3 Be8 41.
Ke2 Bd7 42. Kf2 Be7 43. Bc4 f4 44. Kg2 fxg3 45. Kxg3 Bf8 46. Bf1 Bh6 47. Na3
Bd2 48. Nc4 Be1+ 49. Kg2 axb4 50. Nxb6 Be6 51. cxb4 Bxb4 52. Bc4 Ba5 53. Bxe6
Bxb6 54. Bd7 c5 55. Bb5 Ba5 56. Bc4 g5 57. f4 exf4 58. hxg5+ Kxg5 59. e5 Bc7
1/2-1/2

[Event "EU-chT (Men) 10th"]
[Site "Debrecen"]
[Date "1992.11.??"]
[Round "7.4"]
[White "Berzinsh, Roland"]
[Black "Hoi, Carsten"]
[Result "1-0"]
[WhiteElo "2390"]
[BlackElo "2430"]
[PlyCount "139"]
[EventDate "1992.11.20"]
[EventType "team-swiss"]
[EventRounds "9"]
[EventCountry "HUN"]
[SourceTitle "EU-chT"]
[Source "ChessBase"]
[SourceDate "1999.07.01"]
[SourceVersion "2"]
[SourceVersionDate "1999.07.01"]
[SourceQuality "1"]
[WhiteTeam "Latvia"]
[BlackTeam "Denmark"]
[WhiteTeamCountry "LAT"]
[BlackTeamCountry "DEN"]

1. e4 g6 2. d4 Bg7 3. Nc3 d6 4. Be2 Nc6 5. Be3 Nf6 6. Nf3 O-O 7. O-O e5 8. dxe5
dxe5 9. Bb5 Bd7 10. Qe2 Qe7 11. Bg5 Qe8 12. Rad1 a6 13. Bc4 Bg4 14. Bxf6 Bxf6
15. Nd5 Bd8 16. c3 b5 17. Bb3 Na5 18. Ne3 Bxf3 19. Qxf3 Nxb3 20. axb3 Qe6 21.
b4 c6 22. Qg4 Qxg4 23. Nxg4 Bc7 24. Rd7 Rac8 25. Ra1 Rfd8 26. Kf1 Rxd7 27. Nf6+
Kg7 28. Nxd7 Ra8 29. Nc5 a5 30. bxa5 Rxa5 31. Rxa5 Bxa5 32. Na6 f6 33. Nb8 c5
34. Nc6 Bb6 35. Ne7 Kf7 36. Nc8 Bc7 37. Na7 b4 38. Nb5 Ba5 39. Ke2 bxc3 40.
bxc3 Ke7 41. Kd3 Kd7 42. Kc4 Kc6 43. Na3 f5 44. Nb1 Bd8 45. f3 Bg5 46. Na3 Bf4
47. h3 h5 48. Nc2 Bd2 49. Na1 h4 50. Nc2 Kd6 51. Kd3 Bf4 52. Na3 Bc1 53. Nc4+
Ke6 54. Nb6 Kd6 55. Nd5 Bg5 56. Kc4 Kc6 57. Kb3 Kb5 58. Nc7+ Kc6 59. Ne6 Be3
60. Nf8 fxe4 61. fxe4 g5 62. Ne6 Kd6 63. Ng7 Kc6 64. Kc4 Bd2 65. Nf5 Bf4 66.
Nh6 Bd2 67. Nf7 Bf4 68. Nd8+ Kb6 69. Kd5 Kb5 70. Nf7 1-0

[Event "EU-chT (Men) 10th"]
[Site "Debrecen"]
[Date "1992.11.??"]
[Round "8.3"]
[White "Nevednichy, Vladislav"]
[Black "Hoi, Carsten"]
[Result "1-0"]
[WhiteElo "2470"]
[BlackElo "2430"]
[PlyCount "85"]
[EventDate "1992.11.20"]
[EventType "team-swiss"]
[EventRounds "9"]
[EventCountry "HUN"]
[SourceTitle "EU-chT"]
[Source "ChessBase"]
[SourceDate "1999.07.01"]
[SourceVersion "2"]
[SourceVersionDate "1999.07.01"]
[SourceQuality "1"]
[WhiteTeam "Moldova"]
[BlackTeam "Denmark"]
[WhiteTeamCountry "MDA"]
[BlackTeamCountry "DEN"]

1. e4 g6 2. d4 Bg7 3. Nc3 d6 4. f4 Nf6 5. Nf3 O-O 6. Bd3 Na6 7. O-O c5 8. d5
Bg4 9. Qe2 Nc7 10. h3 Bxf3 11. Qxf3 Nd7 12. Kh1 e6 13. dxe6 fxe6 14. Bd2 Ne5
15. Qg3 Nxd3 16. cxd3 Qd7 17. Rf3 Kh8 18. Raf1 b5 19. b3 b4 20. Ne2 a5 21. Qe1
Nb5 22. h4 a4 23. h5 axb3 24. axb3 gxh5 25. Be3 Ra1 26. Nc1 Nd4 27. Bxd4 Bxd4
28. Qh4 Qg7 29. Qxh5 Rg8 30. Qh3 Rb1 31. Ne2 Rxb3 32. Nxd4 cxd4 33. f5 exf5 34.
exf5 Qf6 35. Re1 Rc3 36. Re6 Qf7 37. Rxd6 Rc1+ 38. Kh2 Qc7 39. Qh6 Rc6 40. Qf6+
Rg7 41. Qf8+ Rg8 42. Qf6+ Rg7 43. Rg3 1-0

[Event "EU-chT (Men) 10th"]
[Site "Debrecen"]
[Date "1992.11.??"]
[Round "8.4"]
[White "Berg, Klaus"]
[Black "Komliakov, Viktor"]
[Result "1/2-1/2"]
[WhiteElo "2385"]
[BlackElo "2415"]
[PlyCount "116"]
[EventDate "1992.11.20"]
[EventType "team-swiss"]
[EventRounds "9"]
[EventCountry "HUN"]
[SourceTitle "EU-chT"]
[Source "ChessBase"]
[SourceDate "1999.07.01"]
[SourceVersion "2"]
[SourceVersionDate "1999.07.01"]
[SourceQuality "1"]
[WhiteTeam "Denmark"]
[BlackTeam "Moldova"]
[WhiteTeamCountry "DEN"]
[BlackTeamCountry "MDA"]

1. d4 d5 2. c4 c6 3. cxd5 cxd5 4. Nc3 Nf6 5. Nf3 a6 6. Bf4 Nc6 7. Rc1 Ne4 8. a3
Nxc3 9. Rxc3 e6 10. e3 Be7 11. Bd3 Bd7 12. Qc2 h6 13. Ne5 Nxe5 14. Bxe5 O-O 15.
Bc7 Qe8 16. O-O Bb5 17. Rc1 Bxd3 18. Rxd3 Qd7 19. Rc3 Rfc8 20. h3 h5 21. g3 Qb5
22. Kg2 Qd7 23. h4 g6 24. Qb3 b5 25. Rc6 Ra7 26. Qc3 b4 27. axb4 Rb7 28. Be5
Rxc6 29. Qxc6 Qxc6 30. Rxc6 f6 31. Bd6 Bxd6 32. Rxd6 Kf7 33. Rxa6 Rxb4 34. Ra7+
Kf8 35. Ra2 Kf7 36. Kf3 e5 37. Ra7+ Ke6 38. Ra6+ Kf7 39. dxe5 fxe5 40. Rd6 d4
41. exd4 exd4 42. Ke4 Rxb2 43. f3 Rb7 44. Rxd4 Kg7 45. Rd5 Ra7 46. Kf4 Rf7+ 47.
Ke3 Ra7 48. Rd6 Re7+ 49. Kf2 Ra7 50. Rd5 Re7 51. f4 Ra7 52. Ke3 Ra3+ 53. Rd3
Ra4 54. Kf3 Kf6 55. Rd5 Ra3+ 56. Kg2 Ra2+ 57. Kh3 Rb2 58. Rg5 Rf2 1/2-1/2

[Event "EU-chT (Men) 10th"]
[Site "Debrecen"]
[Date "1992.11.??"]
[Round "9.1"]
[White "Mortensen, Erling"]
[Black "Renet, Olivier"]
[Result "1-0"]
[WhiteElo "2430"]
[BlackElo "2495"]
[PlyCount "93"]
[EventDate "1992.11.20"]
[EventType "team-swiss"]
[EventRounds "9"]
[EventCountry "HUN"]
[SourceTitle "EU-chT"]
[Source "ChessBase"]
[SourceDate "1999.07.01"]
[SourceVersion "2"]
[SourceVersionDate "1999.07.01"]
[SourceQuality "1"]
[WhiteTeam "Denmark"]
[BlackTeam "France"]
[WhiteTeamCountry "DEN"]
[BlackTeamCountry "FRA"]

1. e4 c5 2. Nf3 d6 3. d4 cxd4 4. Nxd4 Nf6 5. Nc3 a6 6. f4 e6 7. Qf3 Qb6 8. Nb3
Qc7 9. Bd3 b5 10. g4 Bb7 11. g5 Nfd7 12. a3 Nc6 13. O-O Nc5 14. Qh3 Qd7 15. Be3
Nxd3 16. cxd3 Be7 17. Rac1 O-O 18. Rf3 f5 19. gxf6 Bxf6 20. Nd5 Qf7 21. Nxf6+
Qxf6 22. Rg3 a5 23. Kh1 Rf7 24. Rcg1 Re8 25. Qh5 Rc8 26. Qxb5 Qxb2 27. R3g2 Qf6
28. Nd2 Nd4 29. Qb2 e5 30. fxe5 dxe5 31. Rf2 Nf5 32. Rxf5 Qxf5 33. Qxb7 Rxb7
34. exf5 Rf7 35. Ne4 Rd8 36. f6 Rxd3 37. Bh6 Rd4 38. fxg7 Rxe4 39. Rc1 Rxg7 40.
Rc8+ Kf7 41. Rc7+ Kg6 42. Bxg7 Re1+ 43. Kg2 Re2+ 44. Kg1 Re1+ 45. Kf2 Re4 46.
Bh8 h5 47. Rc5 1-0

[Event "EU-chT (Men) 10th"]
[Site "Debrecen"]
[Date "1992.11.??"]
[Round "9.2"]
[White "Apicella, Manuel"]
[Black "Danielsen, Henrik"]
[Result "0-1"]
[WhiteElo "2435"]
[BlackElo "2390"]
[PlyCount "72"]
[EventDate "1992.11.20"]
[EventType "team-swiss"]
[EventRounds "9"]
[EventCountry "HUN"]
[SourceTitle "EU-chT"]
[Source "ChessBase"]
[SourceDate "1999.07.01"]
[SourceVersion "2"]
[SourceVersionDate "1999.07.01"]
[SourceQuality "1"]
[WhiteTeam "France"]
[BlackTeam "Denmark"]
[WhiteTeamCountry "FRA"]
[BlackTeamCountry "DEN"]

1. e4 c6 2. d4 d5 3. Nc3 dxe4 4. Nxe4 Bf5 5. Ng3 Bg6 6. Nf3 Nd7 7. Bc4 e6 8.
O-O Ngf6 9. Re1 Be7 10. Qe2 Nd5 11. Bb3 O-O 12. Bd2 a5 13. a4 Qb6 14. Rad1 Rfd8
15. Bg5 Bxg5 16. Nxg5 Qb4 17. h4 N7f6 18. Qf3 h6 19. N5e4 Nxe4 20. Nxe4 Ne7 21.
h5 Bh7 22. Qg4 Nf5 23. Nf6+ Kh8 24. Nxh7 Rxd4 25. Rxd4 Qxe1+ 26. Kh2 Nxd4 27.
Qxd4 Kxh7 28. Bc4 Kg8 29. c3 Qc1 30. f4 Qxb2 31. Bd3 Qc1 32. Qe4 Rd8 33. f5
exf5 34. Qxf5 Qxc3 35. Bb1 Qf6 36. Qe4 Qd4 0-1

[Event "EU-chT (Men) 10th"]
[Site "Debrecen"]
[Date "1992.11.??"]
[Round "9.3"]
[White "Hoi, Carsten"]
[Black "Prie, Eric"]
[Result "0-1"]
[WhiteElo "2430"]
[BlackElo "2440"]
[PlyCount "68"]
[EventDate "1992.11.20"]
[EventType "team-swiss"]
[EventRounds "9"]
[EventCountry "HUN"]
[SourceTitle "EU-chT"]
[Source "ChessBase"]
[SourceDate "1999.07.01"]
[SourceVersion "2"]
[SourceVersionDate "1999.07.01"]
[SourceQuality "1"]
[WhiteTeam "Denmark"]
[BlackTeam "France"]
[WhiteTeamCountry "DEN"]
[BlackTeamCountry "FRA"]

1. d4 Nf6 2. Nf3 g6 3. c4 Bg7 4. Nc3 O-O 5. e4 d6 6. h3 e5 7. d5 Na6 8. Bg5 Qe8
9. Nd2 Nh5 10. g3 f5 11. Be2 Nf6 12. h4 Nc5 13. Bxf6 Rxf6 14. b4 Na6 15. a3 Bh6
16. Nf3 Qe7 17. Rg1 Rf7 18. h5 fxe4 19. Nxe4 Bf5 20. Qc2 Raf8 21. Rd1 gxh5 22.
Nh4 Bxe4 23. Qxe4 Qg5 24. Rf1 Nb8 25. c5 Nd7 26. c6 bxc6 27. dxc6 Nb6 28. Qc2
d5 29. a4 e4 30. Ng2 Rxf2 31. Rxf2 Qxg3 32. Bg4 hxg4 33. Kf1 Rf3 34. a5 e3 0-1

[Event "EU-chT (Men) 10th"]
[Site "Debrecen"]
[Date "1992.11.??"]
[Round "9.4"]
[White "Bricard, Emmanuel"]
[Black "Berg, Klaus"]
[Result "1/2-1/2"]
[WhiteElo "2430"]
[BlackElo "2385"]
[PlyCount "35"]
[EventDate "1992.11.20"]
[EventType "team-swiss"]
[EventRounds "9"]
[EventCountry "HUN"]
[SourceTitle "EU-chT"]
[Source "ChessBase"]
[SourceDate "1999.07.01"]
[SourceVersion "2"]
[SourceVersionDate "1999.07.01"]
[SourceQuality "1"]
[WhiteTeam "France"]
[BlackTeam "Denmark"]
[WhiteTeamCountry "FRA"]
[BlackTeamCountry "DEN"]

1. Nf3 Nf6 2. g3 d5 3. Bg2 c6 4. O-O Bg4 5. d3 Nbd7 6. Nbd2 e5 7. e4 Bd6 8. h3
Bh5 9. Qe1 O-O 10. Nh4 Re8 11. Nb3 dxe4 12. dxe4 a5 13. a4 Nc5 14. Qe3 Nfd7 15.
Bf3 Bxf3 16. Qxf3 Nxb3 17. Qxb3 Nc5 18. Qc4 1/2-1/2